Effective Life Management (Record no. 85894)

MARC details
000 -LEADER
fixed length control field 00557nam a2200217Ia 4500
005 - DATE AND TIME OF LATEST TRANSACTION
control field 20251120162001.0
008 - FIXED-LENGTH DATA ELEMENTS--GENERAL INFORMATION
fixed length control field 230125s9999 xx 000 0 und d
020 ## - INTERNATIONAL STANDARD BOOK NUMBER
International Standard Book Number 81-7505-323-2
041 ## - LANGUAGE CODE
Language code of text/sound track or separate title eng
082 ## - DEWEY DECIMAL CLASSIFICATION NUMBER
Classification number 158.1
Item number AMA
100 ## - MAIN ENTRY--PERSONAL NAME
Author Amartyananda S
245 ## - TITLE STATEMENT
Title Effective Life Management
250 ## - EDITION STATEMENT
Edition statement 2nd ed
260 ## - PUBLICATION, DISTRIBUTION, ETC.
Date of publication, distribution, etc. 2009
Name of publisher, distributor, etc. Advaita ashrama pub
Place of publication, distribution, etc. Kolkata
300 ## - PHYSICAL DESCRIPTION
Extent 158.1p
500 ## - GENERAL NOTE
Keywords Personality Development,
650 ## - SUBJECT ADDED ENTRY--TOPICAL TERM
Topical term or geographic name entry element Personality Development
700 ## - ADDED ENTRY--PERSONAL NAME
Personal name Amartyananda S
942 ## - ADDED ENTRY ELEMENTS (KOHA)
Koha item type Donated Book
906 ## - LOCAL DATA ELEMENT F, LDF (RLIN)
b 8
Holdings
Withdrawn status Lost status Damaged status Not for loan Home library Current library Date acquired Vendor Net Price Bill number Total Checkouts Full call number Barcode Date last seen Actual Price Bill Date Koha item type Original Barcode
        Smt. Hiraben Nanavati Institute of Management & Research for Women Smt. Hiraben Nanavati Institute of Management & Research for Women 17/02/2010 Ramakrishna Math 40.00 CRB251   158.1 AMA B08407 HIMR-BK-8407 25/01/2023 32.00 26/02/2010 Books B08407
        Smt. Hiraben Nanavati Institute of Management & Research for Women Smt. Hiraben Nanavati Institute of Management & Research for Women 17/12/2012 Satya Gilani       158.1 AMA DB1800 HIMR-DB-1800 25/01/2023   17/12/2012 Donated Book DB1800